00709nam a2200217Ia 4500003000400000005001700004008004100021020001400062040000700076041000800083082002500091100004000116245003900156260004800195300001700243365001300260906004200273942001200315999001900327952014500346OSt20230421154316.0210423s2012 xx 000 0 und d a521527201 cAL aeng a809.93592223b HUGD aHUGHES (Derek);TODD (Janet).991709 aCambridge companion to Aphra Behn. aNew DelhibCambridge University Pressc2012 axxii,248bPB b995cINR aAphra ; Behn. ; Cambridge ; companion 2ddccBK c160915d160915 001040708MAENGaSACPGbSACPGd2012-12-18eHigginbothams Pvt Ltdg995.00l0o809.93592 HUGDpPG007394r2022-08-24 00:00:00w2021-04-26yBK